Flags: Click Quiz - Statistics

General Stats
  • This quiz has been taken 28 times
    22 since last reset
  • The average score is 13 of 15
Answer Stats
Hint Answer % Correct
Afghanistan
95%
Madagascar
90%
Syria
90%
Egypt
90%
Libya
90%
United Arab Emirates
90%
Iran
85%
Malawi
85%
Jordan
85%
Tajikistan
85%
South Sudan
85%
Iraq
85%
Yemen
85%
Oman
80%
Kuwait
75%
No matching quizzes found
Score Distribution
Percent of People with Each Score
Percentile by Number Answered
Your Score History
You have not taken this quiz since the last reset